02191 a2200217 45000010006000000050017000060080041000230030015000640400040000790800093001192450119002120200018003312500013003492640041003623000019004035051468004220410008018901000025018987000029019237000021019522927020260407155601.0260407a1984 arg spa dAR-UNSa-BCEJYS aAR-UNSa-BCEJYSbspacAR-UNSa-BCEJYS a340xDerecho. Generalidades. Propedéutica. Métodos y ciencias auxiliares del derecho10aIntroducción al derechopnociones preliminares, teoría general, enciclopedia jurídica, historia de las ideas a950-20-0238-5 a12a. ed. 1aBuenos Aires :bAbeledo Perrotc1984 a893 p.c23 cm. a1. El conocimiento científico y filosófico. Los objetos y su clasificación. Los objetos de cultura. La conducta y los valores - 2. Objeto y método del conocimiento jurídico - 3. Disciplinas que estudian el fenómeno jurídico - 4. Las normas jurídicas - 5. El comportamiento humano (conducta) y su regulación normativa: técnica y ética. Derecho y moral - 6. La valoración jurídica. La justicia - 7. Los conceptos jurídicos fundamentales. La positividad - 8. El ordenamiento jurídico - 9. Derecho subjetivo - 10. Las fuentes del derecho. La Ley - 11. Las fuentes del derecho en particular (cont.). La costumbre y la jurisprudencia - 12. Transformaciones temporales del derecho. La técnica jurídica - 13. El método jurídico y el problema de la interpretación - 14. Aplicación de la Ley en relación al territorio y al tiempo - 15. Derecho público y privado. Las ramas del derecho. El derecho internacional público. El derecho internacional privado - 16. Derecho político. Derecho constitucional. Derecho Administrativo. Derecho financiero - 17. El derecho penal. El derecho canónico - 18. Derecho civil y comercial - 19. Derecho social, derecho rural o agrario y derecho de minería - 20. Derecho procesal - 21. Historia del pensamiento juridico occidental hasta el siglo XIX - 22. Historia del pensamiento jurídico occidental (continuación) - 23. Historia del pensamiento jurídico occidental (continuación) aspa1 aAftalion, Enrique R.1 aGarcía Olano, Fernando1 aVilanova, José